000 00708cab a2200265 4500
001 X1195
008 090401t1993 xxu||||| |||| 00| 0 eng d
035 _a(Sirsi) u15383
041 _aeng
100 _aCatt, R.
245 _aDamage limitation
260 _c1993
350 _a0
490 _aChartered Quantity Surveyor
_v16(3) November 1993, 14(1)
650 _aBISHOPSGATE
650 _aBOMB DAMAGE
650 _aBUILT ENVIRONMENT-CONSTRUCTION DESIGN
650 _aProperty management
_96262
650 _aSECURITY
650 _aTERRORISM
690 _aBUILDING AND CONSTRUCTION-REPAIRS AND MAINTENANCE
690 _aCOMMERCIAL PROPERTY-MANAGEMENT
942 _n0
948 _c04/03/1997
999 _c10083
_d10083